| 000 | 00721nam a2200241Ia 4500 | ||
|---|---|---|---|
| 005 | 20260430150659.0 | ||
| 008 | 008 250103s9999 xx 000 0 eng d | ||
| 037 | _aTheses | ||
| 040 | _aCRL | ||
| 040 | _beng | ||
| 040 | _ceng | ||
| 041 | _2eng | ||
| 041 | _aeng | ||
| 084 | _qCRL | ||
| 100 |
_aAmit Kumar Amit Kumar Au.; Panda Nabin Kumar Gu. _91238196 |
||
| 245 | 0 | _aEffect of National Innovation System on New Age Information Communication Technology Innovation in Japan from 2002 TO 2012 | |
| 260 | _c2024 | ||
| 300 | _a296p. | ||
| 650 | _aEast Asia - History | ||
| 700 | _aUniversity of Delhi. Faculty of Social Sciences. Deptt. of East Asian Studies | ||
| 942 | _cTH | ||
| 999 |
_c1850374 _d1850374 |
||